LIBRARY & INFORMATION CENTRE, KCAET, TAVANUR

ONLINE PUBLIC ACCESS CATALOGUE (OPAC)

Design of steel structures,-1 (Based on IS: 800-2007) (and so also on Newly Revised code IS: 883 -1994)(S.I. Units) (Record no. 13054)

MARC details
000 -LEADER
fixed length control field 00578cam a2200181ua 4500
003 - CONTROL NUMBER IDENTIFIER
control field OSt
008 - FIXED-LENGTH DATA ELEMENTS--GENERAL INFORMATION
fixed length control field 250610b |||||||| |||| 00| 0 eng d
020 ## - INTERNATIONAL STANDARD BOOK NUMBER
ISBN 9788172336547
082 ## - DEWEY DECIMAL CLASSIFICATION NUMBER
Classification number 624.1821
Item number RAM/DE
100 ## - MAIN ENTRY--AUTHOR NAME
Personal name Ramchandra
100 ## - MAIN ENTRY--AUTHOR NAME
Personal name Gehlot Virendra
245 ## - TITLE STATEMENT
Title Design of steel structures,-1 (Based on IS: 800-2007) (and so also on Newly Revised code IS: 883 -1994)(S.I. Units)
250 ## - EDITION STATEMENT
Edition statement 13 th Rev& Enl
260 ## - PUBLICATION, DISTRIBUTION, ETC. (IMPRINT)
Place of publication Jodhpur
Name of publisher Scientific Publishers
Year of publication 2011
300 ## - PHYSICAL DESCRIPTION
Number of Pages 984
Accompanying material `.
500 ## - GENERAL NOTE
General note For under-graduate and post-graduate students
942 ## - ADDED ENTRY ELEMENTS (KOHA)
Koha item type Books
Holdings
Withdrawn status Lost status Damaged status Home library Current library Date acquired Full call number Accession Number Koha item type Collection code Shelving location Source of acquisition Cost, normal purchase price
      KAUAET KAUAET 07/04/2012 624.1821 RAM/DE 21694 Books        
      KAUAET KAUAET 07/04/2012 624.1821 RAM/DE 21695 Books        
      KAUAET KAUAET 07/04/2012 624.1821 RAM/DE 21696 Books        
      KAUAET KAUAET 07/04/2012 624.1821 RAM/DE 21697 Books        
      KAUAET KAUAET 07/04/2012 624.1821 RAM/DE 21698 Books        
      KAUAET KAUAET 09/06/2016 624.1821 RAM/DE 24958 Books   General Stacks Aman Book Stall Calicut 350.00
      KAUAET KAUAET 21/06/2016 624.1821 RAM/DE 24960 Books   General Stacks Aman Book Stall Calicut 480.00
free website counter